00657 a2200169 4500003000500000005001700005040000900022082001600031100003400047245012800081260003300209300001200242505016900254650001600423651001100439700003700450NUST20251111190454.0 cNust a621.382,RAS aRasheed, GC Farhan, (TCC-10) aSpread spectrum transceiver /cGC Farhan Rasheed, GC Wajahat Jamil & GC Omer Cheema, GC Kashif Bashir and GC Yousaf Javed.  aRawalpindibMCS (NUST)c2002 a113 p.; aSpread Spectrum (Page-1), RF Design (Page-39), Block Diagram (page-62), Modules (Page-69), Software (Page-970, Problems Faced and Suggestions for Future (Page-109). aUG Projects aTCC-10 aSupervised by Lt Col Raja Iqbal